[Event "Cadiz op 17th"]
[Site "Cadiz"]
[Date "2010.07.05"]
[Round "1.1"]
[White "Garcia Jimenez, Francisco Javier"]
[Black "Clares Butron, Juan Manuel"]
[Result "1-0"]
[WhiteElo "2268"]
[BlackElo "1788"]
[PlyCount "57"]
[EventDate "2010.07.05"]
[EventType "swiss"]
[EventRounds "7"]
[EventCountry "ESP"]
[SourceTitle "EXT 2024"]
[Source "ChessBase"]
[SourceDate "2023.10.10"]
[SourceVersion "1"]
[SourceVersionDate "2023.10.10"]
[SourceQuality "1"]

1. e4 c5 2. Nc3 a6 3. a4 Nc6 4. g3 d6 5. Bg2 e6 6. Nge2 Bd7 7. 0-0 Be7 8. d3 Nf6 9. h3 0-0 10. Be3 Qc7 11. f4 Rfd8 12. f5 e5 13. g4 h6 14. Ng3 Nd4 15. h4 Bc6 16. g5 hxg5 17. hxg5 Nh7 18. Qd2 Qd7 19. Rf2 Rf8 20. Bh3 Qd8 21. f6 gxf6 22. Nf5 fxg5 23. Kh1 Kh8 24. Rg1 f6 25. Bg4 Ne6 26. Rh2 Ng7 27. Rxh7+ Kxh7 28. Qh2+ Kg8 29. Nh6+ 1-0